| 000 | 00582nam a2200181Ia 4500 | ||
|---|---|---|---|
| 008 | 100920s9999 xx 000 0 und d | ||
| 082 |
_b106135 _a520 न 08 |
||
| 100 | _aतांबे बालाजी. | ||
| 245 | _aफॅमिली डॉक्टर. | ||
| 260 |
_bसकाळ पेपर्स प्रा. लि., पुणे. _c2008 |
||
| 300 |
_a185 _bसाधी |
||
| 365 | _b300 | ||
| 520 | _aशाअ. | ||
| 630 | _aफॅमिली डॉक्टर. | ||
| 650 | _aशाअ. | ||
| 730 | _aफॅमिली डॉक्टर. | ||
| 942 | _cBOOK | ||
| 999 |
_c746566 _d746563 |
||